| 000 | 00658nam a2200229Ia 4500 | ||
|---|---|---|---|
| 003 | OSt | ||
| 005 | 20251111114039.0 | ||
| 008 | 210716s2012 xx 000 0 und d | ||
| 020 | _a9788132206668 | ||
| 040 | _cAIMIT LIBRARY | ||
| 041 | _aeng | ||
| 082 |
_a005.8 _21 _bSALD |
||
| 100 |
_aSalomon, David. _9245017 |
||
| 245 |
_aElements of computer security / _cBy David Salomon. |
||
| 250 | _a1st ed. | ||
| 260 |
_aNew Delhi : _bSpringer , _c2012. |
||
| 300 |
_axix,374p. ; _bPB _c23.3 cm |
||
| 650 |
_aPhysical security _9245018 |
||
| 650 |
_aPrevention and defense _9245019 |
||
| 650 |
_aPrivacy and trust _9245020 |
||
| 942 |
_2ddc _cBK _e1st _k005.8 SALD |
||
| 999 |
_c194401 _d194401 |
||